Statistiques concernant Créatures fantastiques par définition #3

Cliquez ici pour prendre le quiz!

Statistiques générales

  • Ce quiz a été pris 76 fois
  • Le résultat moyen est 7 sur 15

Statistiques - réponses

Indice Créature % Correct
Dans la mythologie grecque, créature mi-homme, mi-cheval.Centaure
96%
Sorte d'homme sauvage du folklore du Népal, de l'Inde, du Bhoutan et du Tibet; surnommé 'l'abominable homme des neiges'.Yéti
84%
Créature du folklore populaire occidental visant à rassurer les enfants lorsqu'ils perdent leurs dents de lait, en leur faisant croire que leur dent perdue sera remplacée par de l'argent.Petite Souris / Fée des Dents
81%
Allégorie de la Mort, souvent squelettique, parfois vêtue d'un grand manteau noir à capuche ou d'une cape.Faucheuse
71%
Créature légendaire représentée comme une sorte de gigantesque reptile, ailes déployées et pattes armées de griffes.Dragon
67%
Créature humanoïde, légendaire et imaginaire, souterraine et de petite taille.Nain
59%
Personne ayant perdu toute forme de conscience et d'humanité, au comportement violent envers les êtres humains et dont le mal est terriblement contagieux.Zombi / Zombie
53%
Animal sauvage imaginaire vivant dans les zones montagneuses, possédant deux pattes latérales plus courtes que les deux autres, afin de bien se tenir dans les pentes.Dahu / Dairi / Darou / Darhut / Tamarou / Tamarro / Rülbi
50%
Dans la mythologie romaine, créature dont le haut du corps est humain, souvent orné de cornes de caprinés, tandis que le bas est celui d'animaux comme la chèvre.Faune
31%
Créature imaginaire farceuse de la taille d'un lutin, avec une prédilection pour la mécanique.Gremlin
20%
Dans la mythologie grecque, nymphe liées aux arbres en général et plus particulièrement aux chênes.Dryade
17%
Créature légendaire de Bretagne, comparable au lutin. Bienveillant ou malveillant selon les cas, il peut faire preuve d'une extrême générosité, mais est capable d'horribles vengeances.Korrigan / Poulpiquet
16%
Créature féminine surnaturelle de la mythologie celtique irlandaise, considérée comme une magicienne ou une messagère de l'Autre monde.Banshee / Banshie / Bean sí
7%
D'après la tradition chinoise, espèce de lutin qui possède des pouvoirs surnaturels, qu'il utilise souvent pour faire du tort aux humains.Mogwai / Mogui
3%
Créature fantastique maléfique et nocturne mentionnée dans le folklore français propre au pays d’Othe, prenant souvent l'apparence d'un loup, et souvent d'autres animaux.Voirloup
3%

Distribution des résultats

Percentile par nombre de réponses

% des personnes avec chaque résultat

Votre développement - résultats

Vous n’avez pas pris ce quiz